000 00338nam a22001097a 4500
999 _c67353
_d67350
100 _aHalar Ali Jumani
_a17EL38
245 _aModeling and Simulation of Power Inverter in Photovoltaic System
260 _aNawabshah
_bQUEST
_c2020
300 _a47p.
650 _aPhotovoltaic System
_a Power Inverter
_aModeling and Simulation
942 _cTHESIS